Normal view MARC view
  • Navaridas Nalda, Fermín

Entry Nombre Personal

Number of records used in: 2

001 - NUMERO DE CONTROL

  • campo de control: 49738

003 - IDENTIFICADOR DE NUMERO DE CONTROL

  • campo de control: MX-MxUPN

005 - FECHA Y HORA DE LA ÜLTIMA TRANSACCIÓN

  • campo de control: 20230815140817.0

008 - DATOS DE LONGITUD FIJA

  • campo de control de longitud fija: 230815nn acnnnaabn | aaa d

040 ## - FUENTE DE CATALOGACIÓN

  • Agencia original de catalogación: MX-MxUPN
  • Lenguaje de catalogación: spa

100 1# - ENCABEZAMIENTO - NOMBRE PERSONAL

  • Nombre personal: Navaridas Nalda, Fermín

373 ## - GRUPO ASOCIADO

  • Associated group: Universidad de la Rioja. Facultad de Letras y Educación

400 1# - VEÁSE - NOMBRE DE PERSONA

  • Personal name: Nalda, Fermín Navaridas

670 ## - FUENTE EN LA QUE SE LOCALIZARON DATOS

  • Cita de la fuente: Formación docente y desarrollo de competencias en el profesorado, 2021:
  • Información localizada: portada (Fermín Navaridas Nalda) página [5] (Universidad de la Rioja, Facultad de Letras y Educación)

902 ## - CATALOGADOR

  • Catalogador: VíctorGodínez/150823